| 000 | 01357cam a2200325 a 4500 | ||
|---|---|---|---|
| 001 | 000007308 | ||
| 005 | 20200929154128.0 | ||
| 008 | 960201s1994 ck 000 0dspa d | ||
| 020 | _a9586120856 (colección) | ||
| 020 | _a9586121720 (v. 1) | ||
| 020 | _a9586121739 (v. 2) | ||
| 020 | _a9586121909 (v. 3) | ||
| 040 |
_aDO-SdBNP _bspa _cLC _dBNPHU |
||
| 082 |
_a918.6 _bS487m |
||
| 100 | 1 |
_aSerra, Juan de Santa Gertrudis, _d1724 - 1799 _920303 |
|
| 245 | 1 | 0 |
_aMaravillas de la naturaleza / _cJuan de Santa Gertrudis ; prólogo de Juan Luis Mejía Arango. |
| 260 |
_aBogotá : _bPresidencia de la República; _bComisión Preparatoria para el V Centenario del Descubrimiento de América; _bInstituto Colombiano de Cultura; _bBiblioteca Nacional de Colombia, _c1994. |
||
| 300 |
_av. ; _c24 cm. |
||
| 490 | 1 | _aBiblioteca V Centenario Colcultura. Viajeros por Colombia | |
| 651 | 4 |
_aColombia _xDescripciones Y Viajes _916997 |
|
| 650 | 4 |
_aCuriosidades _zColombia _920304 |
|
| 600 | 1 | 0 |
_aSERRA, JUAN DE SANTA GERTRUDIS, _d1724-1799 _920305 |
| 650 | 4 |
_aMisiones _xIglesia católica _xHistoria _920306 |
|
| 650 | 4 |
_aMisioneros españoles _920307 |
|
| 700 | 1 |
_aMejía Arango, Juan Luis, _epról. _920308 |
|
| 830 | 0 |
_aBiblioteca V Centenario Colcultura. _pViajeros por Colombia _920309 |
|
| 910 | _aCatalogación por copia / LC | ||
| 910 | _aWM | ||
| 049 | _aBNGR | ||
| 999 |
_c7089 _d7089 |
||